[Event "Titled Tue 11th Apr Late"]
[Site "chess.com INT"]
[Date "2023.04.11"]
[Round "2"]
[White "Nakamura, Hi"]
[Black "Idani, P."]
[Result "1-0"]
[WhiteElo "2775"]
[BlackElo "2633"]
[PlyCount "41"]
[EventDate "2023.04.11"]

1. Nf3 Nf6 2. b3 g6 3. d4 Bg7 4. Bb2 O-O 5. e3 d6 6. Be2 Nbd7 7. O-O e5 8. dxe5 Ng4 9. c4 Ngxe5 10. Nc3 Nxf3+ 11. Bxf3 a5 12. Qd2 Ne5 13. Be2 Be6 ({RR} 13... f5 14. Rfd1 Be6 15. Nb5 Qe7 16. Rac1 a4 17. b4 Bf7 18. a3 Rfd8 19. h3 d5 20. c5 Nc4 21. Bxc4 dxc4 22. Qe2 Rxd1+ 23. Rxd1 Rd8 24. Bxg7 Kxg7 25. Qb2+ Kg8 26. Rxd8+ Qxd8 27. Qd4 Qe7 28. Nc3 {Nakamura,H (2802)-Materia,M (2486) chess.com INT 2025 1-0 (65)}) 14. Rfd1 Qh4 15. Rac1 $146 ({RR} 15. Nb5 Rac8 16. Bd4 b6 17. Qb2 Qh6 18. Rac1 Ng4 19. h3 Ne5 20. f4 Nd7 21. Bf3 Nc5 22. Qf2 Bd7 23. Nc3 f5 24. Nd5 Rf7 25. Kh2 Be6 26. Bxc5 dxc5 27. Rd3 Bh8 28. Rcd1 Qf8 29. Qh4 Bf6 {Sargsyan,S (2499)-Khachatryan,A (1955) Yerevan 2018 1-0 (37)}) 15... Ng4 16. Bxg4 Bxg4 17. Re1 Rfd8 18. Nd5 c6 19. Bxg7 Kxg7 20. Qd4+ f6 21. Nc7 1-0

[Event "Titled Tue 11th Apr Late"]
[Site "chess.com INT"]
[Date "2023.04.11"]
[Round "2"]
[White "Seo, Jung Min"]
[Black "Sadhwani, Raunak"]
[Result "1-0"]
[WhiteElo "2500"]
[BlackElo "2627"]
[PlyCount "161"]
[EventDate "2023.04.11"]

1. Nf3 g6 2. g3 Bg7 3. Bg2 Nf6 4. O-O O-O 5. d4 d6 6. Re1 Bf5 7. Nc3 Ne4 ({RR} 7... d5 8. Nh4 Bg4 9. h3 Bc8 10. Bg5 h6 11. Bxf6 Bxf6 12. Nxd5 Bxh4 13. gxh4 Bxh3 14. Nc3 Bxg2 15. Kxg2 e5 16. dxe5 Qxh4 17. Rh1 Qg5+ 18. Kf1 Nc6 19. Qc1 Nxe5 20. f4 Qf5 21. e4 Qf6 22. Nd5 {Fiorito,J (2402)-Jumabayev,R (2549) chess.com INT 2025 ½-½ (45)}) 8. Nxe4 Bxe4 9. c3 Nd7 10. Bf1 $146 ({RR} 10. Bh3 Nb6 11. Bf4 Re8 12. Nd2 Bc6 13. e4 e5 14. dxe5 dxe5 15. Be3 Nd7 16. Qc2 Qe7 17. a4 a5 18. Bf1 Bf8 19. Bc4 Qf6 20. b3 Rad8 21. Bb5 Nc5 22. Rad1 Bxb5 23. axb5 Nd3 24. Rf1 Rd7 {Koneru,H (2496)-Nijboer,F (2553) Wijk aan Zee 2003 ½-½ (60)}) 10... c5 11. dxc5 Nxc5 12. Nd4 Qb6 13. Nb3 Na4 14. Be3 Qc7 15. Qd2 a6 16. Rac1 b5 17. Nd4 e5 18. Nf3 Rac8 19. Bh3 Rcd8 20. b3 Nb6 21. Bh6 Bb7 22. Bxg7 Kxg7 23. Bg2 d5 24. e3 Rfe8 25. Qb2 f6 26. Red1 Rc8 27. Ne1 Red8 28. Nd3 Qe7 29. f4 e4 30. Ne1 Qc5 31. Kf2 h5 32. Qe2 Rc7 33. Nc2 Bc8 34. Nd4 Bg4 35. Qd2 Kf7 36. Re1 Rdc8 37. h3 Bd7 38. Qb2 a5 39. Rc2 g5 40. fxg5 fxg5 41. Kg1 Kg6 42. Rf1 Rf8 43. Rxf8 Qxf8 44. Rf2 Qd6 45. Ne2 Rc8 46. Qd2 Rf8 47. Rxf8 Qxf8 48. Qd4 Qf6 49. Qc5 Nc8 50. Nd4 Qd6 51. Qxd6+ Nxd6 52. a3 Kf6 53. Bf1 Ke7 54. Kf2 Kd8 55. h4 g4 56. b4 Kc7 57. Ke1 Kb6 58. Kd2 Ne8 59. Be2 Nc7 60. Nb3 Ne8 61. bxa5+ Ka7 62. Nd4 Nd6 63. Kc2 Ka6 64. a4 Kxa5 65. axb5 Bxb5 66. Bxb5 Nxb5 67. Nf5 Na3+ 68. Kd2 Nc4+ 69. Ke2 Ka4 70. Ng7 Kb3 71. Nxh5 Kxc3 72. Nf4 Nd6 73. Nxd5+ Kc4 74. Nf6 Kc5 75. Nxg4 Kd5 76. Nf2 Ke5 77. g4 Nc4 78. g5 Kf5 79. Nxe4 Kxe4 80. g6 Nxe3 81. g7 1-0

[Event "Titled Tue 11th Apr Late"]
[Site "chess.com INT"]
[Date "2023.04.11"]
[Round "7"]
[White "Melkumyan, H."]
[Black "Bortnyk, Olexandr"]
[Result "1-0"]
[WhiteElo "2645"]
[BlackElo "2605"]
[PlyCount "99"]
[EventDate "2023.04.11"]

1. Nf3 Nf6 2. g3 b6 3. Bg2 Bb7 4. O-O g6 5. c4 Bg7 6. d4 O-O 7. d5 Na6 8. Nc3 Nc5 9. Nd4 e5 10. Nc2 a5 11. b3 ({RR} 11. e4 Ne8 12. b3 f5 13. Ba3 f4 14. Ne1 d6 15. Bh3 h5 16. Nd3 Bc8 17. Bxc8 Qxc8 18. Bxc5 bxc5 19. Qf3 Nf6 20. Kh1 g5 21. gxf4 exf4 22. e5 dxe5 23. Nxc5 Qf5 24. N3e4 g4 25. Qd3 Rf7 {Samunenkov,I (2547)-Bortnyk,O (2608) chess.com INT 2024 0-1 (41)}) 11... Ne8 ({RR} 11... d6 12. e4 Bc8 13. Na3 Ne8 14. Nab5 Bd7 15. Rb1 f5 16. f3 f4 17. a3 g5 18. b4 Nb7 19. g4 h5 20. h3 Rf7 21. Kf2 Bf8 22. Rg1 Rh7 23. Bf1 Nf6 24. Ke1 Qc8 25. Rb2 Nd8 26. Qd3 {Erigaisi,A (2722)-Carlsen,M (2859) Wijk aan Zee NED 2023 0-1 (56)}) 12. Bb2 $146 ({RR} 12. e4 f5 13. exf5 gxf5 14. Be3 d6 15. Qd2 Nf6 16. Bh6 Bxh6 17. Qxh6 Ng4 18. Qd2 f4 19. h3 Nh6 20. gxf4 exf4 21. Nd4 Qf6 22. Nf3 Nf5 23. Rae1 Nh4 24. Kh2 Nxg2 25. Rg1 Kh8 26. Rxg2 Rg8 {Habans Aguerrea,J (2399)-Urazayev,A (2476) San Vicente ESP 2024 ½-½ (92)}) ({RR} 12. Rb1 f5 13. a3 e4 14. Nd4 Nd6 15. Be3 a4 16. b4 Nb3 17. Nxb3 Bxc3 18. Nd2 Qf6 19. Qc2 b5 20. c5 Bxd2 21. Bxd2 Nc4 22. Bc3 Qe7 23. Ba1 Bxd5 24. Qc3 Kf7 25. Rbd1 c6 26. Kh1 Ke8 {Pantsulaia,L (2522)-Sethuraman,S (2557) chess.com INT 2025 0-1 (36)}) 12... f5 13. Qd2 Nd6 14. Na3 Ba6 15. Qc2 Qe7 16. Ncb5 Bxb5 17. Nxb5 Nxb5 18. cxb5 d6 19. a3 a4 20. b4 Nb3 21. Rad1 e4 22. Bxg7 Qxg7 23. e3 g5 24. Kh1 Rae8 25. f3 f4 26. gxf4 gxf4 27. Bh3 Kh8 28. Be6 fxe3 29. Qxe4 Nd2 30. Qxe3 Nxf1 31. Rxf1 Rf6 32. f4 Qg6 33. Qd4 Ref8 34. f5 Qh5 35. Qc3 Qe2 36. Re1 Qg4 37. h3 Qh4 38. Rg1 Qe4+ 39. Kh2 Qf4+ 40. Kh1 Qe4+ 41. Kh2 Qe2+ 42. Rg2 Qe5+ 43. Qxe5 dxe5 44. Rc2 Rxf5 45. Bxf5 Rxf5 46. Rxc7 Rf2+ 47. Kg3 Rd2 48. Kf3 Rxd5 49. Ke4 Rxb5 50. Re7 1-0

[Event "TCh-AUT 2022-23"]
[Site "Austria AUT"]
[Date "2023.04.13"]
[Round "9.5"]
[White "Bluebaum, M."]
[Black "Braun, A."]
[Result "1-0"]
[WhiteElo "2651"]
[BlackElo "2597"]
[PlyCount "73"]
[EventDate "2022.11.03"]
[EventType "team"]
[WhiteTeam "SK Sparkasse Jenbach"]
[BlackTeam "Schach ohne Grenzen"]

1. Nf3 d5 2. g3 Nf6 3. Bg2 c6 4. O-O Bg4 5. h3 Bxf3 6. Bxf3 Nbd7 7. d4 e5 8. c4 dxc4 9. Nd2 exd4 10. Nxc4 Nb6 ({RR} 10... Nc5 11. b4 Ne6 12. Qb3 a6 13. Rd1 Be7 14. e3 O-O 15. Bb2 Nd5 16. a3 Bf6 17. exd4 Re8 18. Bg2 Rc8 19. Rac1 Rc7 20. Ne5 Rce7 21. f4 Qd6 22. Rf1 Rd8 23. Kh2 Ree8 24. Rcd1 Nf8 25. Rde1 {Dardha,D (2652)-Pranav,V (2615) Petrovac MNE 2025 ½-½ (49)}) 11. Qb3 Be7 $146 ({RR} 11... Bc5 12. Rd1 Qe7 13. Na5 O-O 14. Bg5 Rab8 15. Qc2 Bd6 16. Rxd4 Qe5 17. Bxf6 Qxf6 18. Rad1 Be5 19. Rb4 Rfe8 20. Kg2 g6 21. Nc4 Nxc4 22. Qxc4 Red8 23. Rxd8+ Qxd8 24. Qc2 Qe7 25. Re4 Rd8 26. b3 {Bok,B (2599)-Kuybokarov,T (2600) Saint Louis USA 2024 ½-½ (47)}) 12. Rd1 O-O 13. Kg2 Nxc4 14. Qxc4 Qb6 15. Rxd4 Rad8 16. Rxd8 Rxd8 17. Rb1 Nd7 18. Bf4 Bf6 19. b4 Ne5 20. Bxe5 Bxe5 21. b5 Rd4 22. Qc2 c5 23. Rc1 c4 24. e3 Rd7 25. Qf5 Qe6 26. Rxc4 Rc7 27. Qxe6 fxe6 28. Re4 Rc5 29. Be2 Kf8 30. a4 Bc7 31. Rxe6 Rc3 32. Bf3 Ra3 33. Bxb7 Rxa4 34. Ra6 Rb4 35. Rxa7 Rxb5 36. Bc6 Bb8 37. Rxg7 1-0

[Event "Titled Tue 18th Apr Early"]
[Site "chess.com INT"]
[Date "2023.04.18"]
[Round "3"]
[White "So, W."]
[Black "Rodshtein, M."]
[Result "1-0"]
[WhiteElo "2760"]
[BlackElo "2606"]
[PlyCount "55"]
[EventDate "2023.04.18"]

1. Nf3 g6 2. e4 Bg7 3. d4 d6 4. Bc4 Nf6 5. Qe2 Nc6 6. e5 dxe5 7. dxe5 Ng4 8. e6 Bxe6 ({RR} 8... fxe6 9. O-O Qd6 10. Qe4 e5 11. h3 Nf6 12. Qe3 Bf5 13. Nc3 Nd4 14. Nb5 Nxb5 15. Bxb5+ c6 16. Bc4 Nd5 17. Qe2 e4 18. Ng5 Qe5 19. Re1 e3 20. fxe3 Bd7 21. e4 Nf4 22. Bf7+ Kd8 23. Qf3 {Deac,B (2683)-Aravindh,C (2703) chess.com INT 2024 1-0 (34)}) ({RR} 8... fxe6 9. Bxe6 Rf8 10. Bxc8 Rxc8 11. h3 Nge5 12. Nxe5 Bxe5 13. c3 Qd6 14. Nd2 Rd8 15. Nf3 Qe6 16. Bh6 Rf5 17. Kf1 Qd5 18. Re1 Bf6 19. a3 g5 20. h4 g4 21. Nh2 g3 22. Nf3 gxf2 23. Kxf2 {Vasquez Schroeder,R (2446)-Aravindh,C (2726) chess.com INT 2025 1-0 (34)}) 9. Bxe6 fxe6 10. O-O Nge5 $146 ({RR} 10... Qd6 11. c3 O-O-O 12. Nbd2 Nce5 13. h3 h5 14. Nxe5 Qxe5 15. Qxe5 Nxe5 16. Ne4 Nd3 17. Rb1 Nxc1 18. Rfxc1 Rd5 19. h4 Bf6 20. g3 g5 21. hxg5 Bxg5 22. Re1 h4 23. Kg2 hxg3 24. Nxg3 Rh6 25. Re2 {Duboue,P (2426)-Lucas,A (2327) Angers 2022 0-1 (46)}) 11. Nxe5 Bxe5 12. Rd1 Bd6 13. Nc3 Qd7 14. Ne4 O-O-O 15. Be3 e5 16. Nc5 Qe8 17. Qg4+ Kb8 18. Ne6 Rc8 19. c4 Qf7 20. c5 h6 21. Rac1 g5 22. b4 e4 23. cxd6 exd6 24. Nd4 Nxb4 25. Qxe4 Rhe8 26. Qb1 Nd5 27. Qb3 Ka8 28. Nb5 1-0

[Event "Titled Tue 18th Apr Early"]
[Site "chess.com INT"]
[Date "2023.04.18"]
[Round "6"]
[White "Sadhwani, Raunak"]
[Black "Kosteniuk, A."]
[Result "1-0"]
[WhiteElo "2627"]
[BlackElo "2535"]
[PlyCount "119"]
[EventDate "2023.04.18"]

1. Nf3 f5 2. d3 Nf6 3. e4 d6 4. exf5 Bxf5 5. d4 g6 6. Bd3 Bxd3 7. Qxd3 Bg7 8. Qb5+ Nbd7 9. Ng5 e6 $146 ({RR} 9... O-O 10. Ne6 Qc8 11. Nxf8 Nxf8 12. O-O Ne6 13. c3 c6 14. Qe2 Qd7 15. Re1 Kf7 16. Nd2 d5 17. Nf3 Ne4 18. Bh6 Qc7 19. Qe3 Kg8 20. Bxg7 Nxg7 21. Ne5 Nf5 22. Qe2 Rf8 23. f3 Nf6 24. Nd3 {Ghosh,D (2568)-Avigyan Ghosh (1686) Pune IND 2023 1-0 (41)}) 10. O-O Qe7 11. Qxb7 O-O 12. Re1 e5 13. Nc3 Nb6 14. dxe5 dxe5 15. a4 h6 16. Nge4 Rab8 17. Qc6 Kh7 18. a5 Nc8 19. b3 Nd6 20. Ba3 Rbd8 21. Rad1 Nfe8 22. Nb5 Qf7 23. Nbxd6 cxd6 24. c4 Qf5 25. Bxd6 Nxd6 26. Rxd6 Rb8 27. Rd3 Rbd8 28. Rde3 Rd4 29. h3 h5 30. Rf3 Qc8 31. Qxc8 Rxc8 32. Ng5+ Kg8 33. Ne6 e4 34. Nf4 exf3 35. Nxg6 Rd7 36. Ne7+ Rxe7 37. Rxe7 Bd4 38. gxf3 Rb8 39. Rd7 Bc5 40. Rd5 Bb4 41. Rxh5 Rf8 42. Kg2 Rf6 43. Rb5 Bd6 44. Rb7 Bc5 45. Rb5 Rg6+ 46. Kf1 Rc6 47. Ke2 a6 48. Rb7 Bd4 49. Kd3 Bxf2 50. b4 Rf6 51. Ke2 Bd4 52. c5 Rf4 53. Kd3 Be5 54. Rb6 Rd4+ 55. Kc2 Rc4+ 56. Kb3 Rc3+ 57. Ka4 Rxf3 58. Rxa6 Kf7 59. Rb6 Bc7 60. Rb7 1-0

[Event "Titled Tue 18th Apr Early"]
[Site "chess.com INT"]
[Date "2023.04.18"]
[Round "8"]
[White "Terry, R."]
[Black "Beerdsen, Thomas"]
[Result "1-0"]
[WhiteElo "2520"]
[BlackElo "2523"]
[PlyCount "67"]
[EventDate "2023.04.18"]

1. Nf3 Nf6 2. e3 a6 ({RR} 2... b6 3. b4 e6 4. a3 Bb7 5. Bb2 Be7 6. c4 O-O 7. Be2 c5 8. b5 d5 9. O-O Nbd7 10. a4 dxc4 11. Na3 c3 12. Bxc3 Nd5 13. Bb2 Bf6 14. Bxf6 N5xf6 15. Nc4 Qc7 16. Qc2 e5 17. d3 {Stocek,J (2554)-Lysyj,I (2686) Wroclaw 2014 0-1 (41)}) 3. c4 c5 $146 ({RR} 3... d5 4. cxd5 {½-½ (4) Miller,D (2140)-Forster,M (1825) Torquay 2019}) 4. b3 g6 5. Bb2 Bg7 6. Be2 O-O 7. O-O b6 8. d4 cxd4 9. Nxd4 Bb7 10. Bf3 d5 11. Nc3 e5 12. Nc2 e4 13. Be2 dxc4 14. bxc4 Nbd7 15. Ba3 Nc5 16. Rb1 Qc7 17. Nd4 Rfd8 18. Qc2 Rac8 19. Na4 Nxa4 20. Qxa4 Nd7 21. Rfd1 Nc5 22. Bxc5 Qxc5 23. Nb3 Qc7 24. Qb4 Bf8 25. Qc3 b5 26. Rxd8 Qxd8 27. Qd4 Qg5 28. cxb5 axb5 29. Qd7 Qd5 30. Bxb5 Ba3 31. h4 Rc2 32. Nd4 Rxa2 33. Qe8+ Kg7 34. Ba4 1-0

[Event "Titled Tue 18th Apr Early"]
[Site "chess.com INT"]
[Date "2023.04.18"]
[Round "10"]
[White "Terry, R."]
[Black "Kovalenko, I."]
[Result "1-0"]
[WhiteElo "2520"]
[BlackElo "2674"]
[PlyCount "147"]
[EventDate "2023.04.18"]

1. Nf3 d5 2. e3 Nf6 3. b3 e6 4. Bb2 Bd6 5. c4 O-O 6. Qc2 ({RR} 6. Nc3 b6 7. Qc2 c6 8. Be2 Bb7 9. cxd5 exd5 10. O-O Nbd7 11. Rac1 Re8 12. Rfd1 Nc5 13. d3 Rc8 14. b4 Ne6 15. Qb3 Qe7 16. a3 c5 17. bxc5 bxc5 18. Nb5 Bb8 19. Bxf6 gxf6 20. Rb1 Bc6 {So,W (2812)-Caruana,F (2808) Paris 2017 0-1 (59)}) 6... Re8 7. Be2 e5 $146 ({RR} 7... c5 8. O-O Nc6 9. a3 d4 10. exd4 cxd4 11. c5 Bc7 12. Bb5 e5 13. d3 Bd7 14. Bc4 Na5 15. Nbd2 Nxc4 16. Nxc4 Bc6 17. Nfd2 e4 18. dxe4 Nxe4 19. Nxe4 Bxe4 20. Qd1 Qh4 21. h3 Re6 22. Qg4 {Cieslak,P (2373)-Pajeken,J (2423) chess.com INT 2024 0-1}) ({RR} 7... b6 8. O-O Bb7 9. cxd5 exd5 10. Nc3 c5 11. d4 Nbd7 12. Rac1 Rc8 13. Rfd1 Qe7 14. dxc5 bxc5 15. Re1 d4 16. exd4 Bxf3 17. gxf3 cxd4 18. Bc4 Qxe1+ 19. Rxe1 Rxe1+ 20. Kg2 dxc3 21. Bxc3 Re7 22. Qd2 {Seemann,J (2471)-Bharath,S (2567) chess.com INT 2025 0-1 (35)}) 8. cxd5 Nxd5 9. d3 c5 10. Nbd2 Nc6 11. a3 b6 12. b4 Bb7 13. bxc5 Bxc5 14. O-O Rc8 15. Rfc1 Re6 16. Ne4 Be7 17. Qd1 f5 18. Ng3 f4 19. Nf1 fxe3 20. fxe3 Bc5 21. d4 exd4 22. exd4 Bf8 23. Bd3 Kh8 24. Qd2 Rf6 25. Ng3 Bd6 26. Ne5 Nf4 27. Nxc6 Rxc6 28. Be4 Rxc1+ 29. Rxc1 Nd5 30. Rf1 Bxg3 31. hxg3 Qe7 32. Bf3 h6 33. Re1 Re6 34. Rxe6 Qxe6 35. Bc1 Bc6 36. Qc2 Qf6 37. Qe4 Ne7 38. Qe5 Bxf3 39. Qxf6 gxf6 40. gxf3 h5 41. Kf2 Nd5 42. Ke2 Kg7 43. Kd3 Kf7 44. Kc4 Ke6 45. a4 Kd6 46. Bd2 a6 47. Bc1 f5 48. Bd2 Kc6 49. Be1 b5+ 50. axb5+ axb5+ 51. Kb3 Kd6 52. Kc2 Ke6 53. Kd3 Kf6 54. Bd2 f4 55. g4 h4 56. Ke2 h3 57. Kf2 b4 58. Kg1 b3 59. Bc1 Kg5 60. Kh2 Kh4 61. Bb2 Nb4 62. Ba3 Nd5 63. Bc1 Nb4 64. Ba3 Nd5 65. Bc1 Kg5 66. Ba3 Nb4 67. Kxh3 Nd3 68. d5 b2 69. Bxb2 Nxb2 70. d6 Kf6 71. g5+ Ke6 72. g6 Nc4 73. g7 Nxd6 74. g8=Q+ 1-0

[Event "Titled Tue 18th Apr Early"]
[Site "chess.com INT"]
[Date "2023.04.18"]
[Round "11"]
[White "Nakamura, Hi"]
[Black "Puranik, A."]
[Result "1-0"]
[WhiteElo "2775"]
[BlackElo "2599"]
[PlyCount "125"]
[EventDate "2023.04.18"]

1. Nf3 Nf6 2. b3 d6 3. d4 g6 4. Bb2 Bg7 5. e3 O-O 6. Be2 c5 7. O-O cxd4 8. Nxd4 d5 9. c4 ({RR} 9. Nf3 Nc6 10. c4 dxc4 11. Bxc4 b6 12. Qe2 Bb7 13. Nc3 Rc8 14. Rac1 Qc7 15. Ba6 Rfd8 16. a3 Qb8 17. b4 Ng4 18. Bxb7 Qxb7 19. Nb1 Nge5 20. Nd4 Nxd4 21. Bxd4 Nd7 22. Bxg7 Kxg7 23. Nd2 Ne5 {Nakamura,H (2775)-Mamedyarov,S (2738) chess.com INT 2023 1-0 (35)}) 9... dxc4 ({RR} 9... e5 10. Nf3 e4 11. Nd4 dxc4 12. Bxc4 b6 13. Nc3 Bb7 14. Qe2 Nbd7 15. Rfd1 Qe7 16. Ndb5 Rfd8 17. Ba3 Qe5 18. Bd6 Qg5 19. Bf4 Qg4 20. Bxf7+ Kxf7 21. Qc4+ Qe6 22. Nd6+ Ke7 23. Nxb7 Qxc4 24. bxc4 {Rosenberg,E (1989)-Naranjo Moreno,A (2289) chess.com INT 2025 1-0 (65)}) 10. Bxc4 a6 $146 ({RR} 10... Bd7 11. Nd2 Nc6 12. N2f3 Rc8 13. Rc1 Qa5 14. Qe2 Rfd8 15. Rfd1 Nxd4 16. Bxd4 Bc6 17. Ne5 Be8 18. h4 Ne4 19. Qf3 Nd6 20. Ng4 h5 21. Nh2 Nxc4 22. bxc4 Ba4 23. Re1 Rxc4 24. Bxg7 Kxg7 25. Qg3 {Nakamura,H (2794)-Nihal,S (2669) chess.com INT 2024 0-1 (51)}) 11. Be2 e5 12. Nf3 e4 13. Nd4 Bd7 14. Nd2 Nc6 15. Nc4 b5 16. Nd2 Re8 17. a4 Nd5 18. Nxc6 Bxc6 19. Bxg7 Kxg7 20. Rc1 Qf6 21. Qc2 Rac8 22. Nxe4 Qe5 23. Nc5 Nxe3 24. fxe3 Qxe3+ 25. Rf2 bxa4 26. bxa4 Bxa4 27. Qc3+ Qxc3 28. Rxc3 Bb5 29. Bxb5 axb5 30. Rfc2 Rcd8 31. Rb3 Rd1+ 32. Kf2 Re5 33. h3 h5 34. Rxb5 Rf5+ 35. Ke3 Rdd5 36. h4 Rfe5+ 37. Kf4 Rf5+ 38. Kg3 Rfe5 39. Rc3 Rf5 40. Kh3 Rfe5 41. Ra5 Rf5 42. g3 Rfe5 43. Rc2 Rf5 44. Kg2 Rfe5 45. Rc4 Rd2+ 46. Kf3 Rdd5 47. Rb5 Rf5+ 48. Ke3 Rde5+ 49. Kd3 Rd5+ 50. Kc3 Rf3+ 51. Kb4 Rxg3 52. Rb7 Rg4 53. Ne6+ Kf6 54. Ng5 Rxc4+ 55. Kxc4 Rf5 56. Rxf7+ Ke5 57. Re7+ Kf4 58. Kd3 Kg4 59. Ke3 Kxh4 60. Ne4 g5 61. Rb7 g4 62. Rb1 Rf3+ 63. Ke2 1-0

[Event "Titled Tue 18th Apr Late"]
[Site "chess.com INT"]
[Date "2023.04.18"]
[Round "3"]
[White "Vachier Lagrave, M."]
[Black "Boruchovsky, A."]
[Result "1-0"]
[WhiteElo "2741"]
[BlackElo "2539"]
[PlyCount "117"]
[EventDate "2023.04.18"]

1. Nf3 d5 2. g3 Nd7 3. d4 Nb6 4. Bg2 Bf5 5. Nc3 h6 6. Ne5 Nf6 7. O-O e6 8. a4 a5 9. b3 Bb4 10. Na2 Be7 11. c4 O-O 12. Bb2 c6 13. e3 $146 ({RR} 13. Nc3 Nbd7 14. Nd3 Bxd3 15. Qxd3 Bb4 16. Na2 Bd6 17. f4 Qe7 18. h3 Rfe8 19. g4 Nh7 20. e4 dxe4 21. Bxe4 Nhf8 22. Rae1 Qh4 23. Re3 f5 24. Bg2 Nf6 25. Qe2 fxg4 26. Nc3 gxh3 27. Rxh3 Qg4 {Kosteniuk,A (2501)-Jegorovas,A (2270) chess.com INT 2024 1-0 (49)}) 13... Nfd7 14. Nxd7 Nxd7 15. Qe2 Qb6 16. Nc1 Nf6 17. c5 Qc7 18. Ba3 Rfb8 19. Nd3 Nd7 20. Rfc1 Bf6 21. Bb2 Bxd3 22. Qxd3 e5 23. Bh3 Re8 24. Bc3 g6 25. Rab1 Nf8 26. b4 exd4 27. exd4 axb4 28. Rxb4 Ne6 29. Bxe6 Rxe6 30. Rcb1 Ra7 31. Kg2 h5 32. h4 Qe7 33. R4b2 Re4 34. a5 Bxh4 35. gxh4 Qxh4 36. f3 Qg5+ 37. Kh1 Re3 38. Qd2 Ra8 39. Rxb7 Rae8 40. Rb8 Qh4+ 41. Qh2 Qf6 42. Rxe8+ Rxe8 43. Qf2 Qf5 44. Re1 Qh3+ 45. Kg1 Ra8 46. Qg2 Qf5 47. Qe2 h4 48. a6 h3 49. Ra1 Kg7 50. Kh1 Re8 51. Qf2 Qd3 52. a7 Re2 53. Qf1 Qxc3 54. a8=Q Qb2 55. Qa2 Rh2+ 56. Kg1 Rg2+ 57. Qxg2 Qxd4+ 58. Qgf2 Qf4 59. Qab2+ 1-0

[Event "Titled Tue 18th Apr Late"]
[Site "chess.com INT"]
[Date "2023.04.18"]
[Round "6"]
[White "Martinez Alcantara, Jose Eduardo"]
[Black "Zhigalko, S."]
[Result "1-0"]
[WhiteElo "2607"]
[BlackElo "2572"]
[PlyCount "87"]
[EventDate "2023.04.18"]

1. Nf3 d5 2. g3 c6 3. c4 Bg4 4. Bg2 e6 5. cxd5 Bxf3 6. Bxf3 cxd5 7. O-O Nc6 8. Nc3 Nf6 9. d4 Be7 10. e3 O-O 11. Bd2 Rc8 ({RR} 11... Qd7 12. Qa4 Rfc8 13. Rfc1 Ne8 14. Ne2 Rc7 15. Kg2 Nd6 16. Nf4 Nc4 17. Bc3 b5 18. Qxb5 Rb8 19. Qa4 Nxb2 20. Bxb2 Rxb2 21. Nd3 Rb8 22. Nc5 Bxc5 23. Rxc5 Ne7 24. Qxd7 Rxd7 25. a4 Rb2 26. h4 {Carlsen,M (2864)-Duda,J (2750) chess24.com INT 2022 ½-½ (48)}) 12. Qe2 ({RR} 12. Rc1 a6 13. a3 b5 14. Be2 Qb6 15. b4 Ne8 16. e4 Nxd4 17. Nxd5 exd5 18. Rxc8 Qe6 19. Rc1 dxe4 20. Be3 Nxe2+ 21. Qxe2 Nd6 22. Rc6 Qb3 23. Bc5 Nf5 24. Qxe4 Bxc5 25. bxc5 g6 26. Rxa6 Qc3 {Nihal,S (2692)-Zhigalko,S (2572) chess.com INT 2023 1-0 (40)}) 12... a6 ({RR} 12... Ne8 13. Rfc1 Nd6 14. Be1 Qd7 15. Qd1 f5 16. Be2 Ne4 17. Nxe4 fxe4 18. Rc2 Bd6 19. Rac1 Rf6 20. Bb5 Rh6 21. Qe2 e5 22. dxe5 Bxe5 23. Rd1 Rf8 24. Qf1 Bxg3 25. hxg3 Ne5 26. f4 Qg4 27. Be2 {Daneshvar,B (2598)-Kuybokarov,T (2562) chess.com INT 2024 1-0 (35)}) 13. Rfc1 Bd6 $146 ({RR} 13... b5 14. Be1 Qb6 15. Qd1 Na5 16. Ne2 Nc4 17. Rc2 b4 18. Nc1 a5 19. Nd3 Ne4 20. Rac1 Ned6 21. Nc5 Qa7 22. Bg4 Nb6 23. Qd3 g6 24. a3 bxa3 25. Qxa3 Ndc4 26. Qa2 Bxc5 27. dxc5 Nd7 28. Be2 {Jumabayev,R (2594)-Sibashvili,G (2408) Batumi 2018 1-0 (31)}) 14. Be1 Qe7 15. Qd1 Rc7 16. Be2 Rfc8 17. a3 g6 18. Na4 e5 19. Nc3 Qe6 20. Bf1 h5 21. Bg2 e4 22. b4 Ne7 23. Na4 Qg4 24. Rxc7 Rxc7 25. Nc5 Qc8 26. Rc1 Kg7 27. Nb3 Rc6 28. Rxc6 Qxc6 29. Nc5 Nc8 30. Bf1 Nb6 31. Qb3 Qc8 32. a4 h4 33. b5 Bxc5 34. dxc5 Qxc5 35. Bc3 Nc4 36. bxa6 bxa6 37. Bd4 Qd6 38. Bxc4 dxc4 39. Qxc4 hxg3 40. hxg3 g5 41. Kg2 Kg6 42. Bxf6 Kxf6 43. Qxe4 a5 44. g4 1-0

[Event "Titled Tue 18th Apr Late"]
[Site "chess.com INT"]
[Date "2023.04.18"]
[Round "7"]
[White "Terry, R."]
[Black "Beerdsen, Thomas"]
[Result "1-0"]
[WhiteElo "2520"]
[BlackElo "2523"]
[PlyCount "113"]
[EventDate "2023.04.18"]

1. Nf3 h6 2. e4 g5 3. d4 g4 ({RR} 3... Bg7 4. h3 d6 5. Bd3 c5 6. c3 Qc7 7. Be3 Nd7 8. Nbd2 Ngf6 9. Nf1 Nh5 10. g3 Nhf6 11. g4 b6 12. Ng3 Bb7 13. Qc2 a6 14. Qe2 e6 15. Nd2 b5 16. h4 gxh4 17. Rxh4 Nb6 18. dxc5 {Grigoriants,S (2587)-Rapport,R (2720) Reykjavik 2016 ½-½}) ({RR} 3... Bg7 4. h4 g4 5. Ne5 d6 6. Nxg4 Bxg4 7. Qxg4 Bxd4 8. Nd2 Qd7 9. Qe2 Nf6 10. Nf3 Bb6 11. a4 a6 12. c3 Ng4 13. Be3 Nxe3 14. fxe3 Nc6 15. O-O-O O-O 16. g4 Qe6 17. Qc2 Ne5 18. Nd4 {Zhizmer,Y (2295)-Llorente Zaro,A (2433) chess.com INT 2024 0-1 (45)}) 4. Nh4 h5 5. h3 $146 ({RR} 5. Nc3 e6 6. g3 Be7 7. Bf4 a6 8. Qd2 b5 9. Bg2 Bb7 10. O-O-O b4 11. Ne2 Nf6 12. d5 a5 13. h3 Na6 14. hxg4 Nxg4 15. Nd4 e5 16. f3 exf4 17. fxg4 fxg3 18. Nhf3 Nc5 19. Nf5 d6 {Lucas,A (2370)-Beerdsen,T (2520) chess.com INT 2022 0-1 (36)}) 5... d5 6. e5 c5 7. dxc5 Nc6 8. Bf4 Bh6 9. Bxh6 Nxh6 10. Bb5 Be6 11. c3 Qc7 12. Qd4 Rg8 13. Nd2 Qa5 14. a4 gxh3 15. gxh3 Qc7 16. Qf4 Rh8 17. Ndf3 O-O-O 18. O-O-O Na5 19. b4 Nc4 20. Bxc4 dxc4 21. Rxd8+ Qxd8 22. Nd4 Bd5 23. Rd1 e6 24. Nb5 Kb8 25. Nd6 Qd7 26. Qf6 Rd8 27. b5 Ng8 28. Qxf7 Ne7 29. Ng6 Nxg6 30. Qxg6 a6 31. Qg5 axb5 32. axb5 Rf8 33. Qe3 Qc7 34. Kb2 Qg7 35. c6 Qg2 36. Rd2 Kc7 37. Qa7 Bxc6 38. bxc6 Qxc6 39. Qa5+ Kb8 40. Qb5 Qc7 41. Nxc4 Rf4 42. Kb3 Rf7 43. Rd6 h4 44. Rb6 Rf3 45. Qe8+ Ka7 46. Qa4+ Kb8 47. Rxe6 Rf8 48. Re8+ Rxe8 49. Qxe8+ Ka7 50. Qa4+ Kb8 51. Qb4 Qf7 52. Qd6+ Ka8 53. e6 Qe8 54. Qd7 Qg6 55. e7 Qb1+ 56. Nb2 Qd1+ 57. Nxd1 1-0

[Event "Titled Tue 18th Apr Late"]
[Site "chess.com INT"]
[Date "2023.04.18"]
[Round "8"]
[White "Nakamura, Hi"]
[Black "Xiong, Jeffery"]
[Result "1-0"]
[WhiteElo "2775"]
[BlackElo "2692"]
[PlyCount "63"]
[EventDate "2023.04.18"]

1. Nf3 d5 2. e3 Nf6 3. c4 e6 4. b3 dxc4 5. bxc4 c5 6. g3 b6 7. d3 Bb7 8. Bg2 Be7 9. O-O O-O 10. Nc3 Nc6 11. Qe2 Qc7 12. Rd1 Rad8 13. Bb2 Qb8 ({RR} 13... Rfe8 14. a4 Nd7 15. Nd2 Nb4 16. Na2 Bxg2 17. Kxg2 Nc6 18. Nf3 Bf6 19. Nc3 Qb7 20. Rab1 Bxc3 21. Bxc3 e5 22. a5 Nd4 23. Bxd4 exd4 24. axb6 axb6 25. e4 f5 26. Nd2 Ne5 27. f3 Qc6 28. Kh1 {Epishin,V (2657)-Rotstein,A (2460) Arco 1999 1-0 (51)}) 14. Ne1 Qa8 $146 ({RR} 14... Rfe8 15. g4 h6 16. f4 Nh7 17. Nf3 Qa8 18. h4 Nb4 19. e4 Nc6 20. g5 hxg5 21. fxg5 Qb8 22. e5 Nf8 23. Ne4 Ng6 24. h5 Nf4 25. Qe3 Nxh5 26. Kf2 Nd4 27. Nxd4 cxd4 28. Bxd4 Bxe4 29. dxe4 {Jotic,V (2304)-Gagic,M (2129) Vrnjacka Banja SRB 2022 0-1 (34)}) 15. f4 Ne8 16. g4 Nd6 17. Rd2 a6 18. a4 Nb4 19. Rad1 Rd7 20. Bxb7 Qxb7 21. g5 b5 22. Nf3 Nc6 23. axb5 axb5 24. cxb5 Nxb5 25. Ne4 Rfd8 26. Nf6+ gxf6 27. gxf6 Bf8 28. Ng5 h6 29. Qg4 hxg5 30. Qxg5+ Kh7 31. Qh5+ Bh6 32. Rg2 1-0